000
00273nam a2200121Ia 4500
005
20251222144746.0
008
251222s9999||||xx |||||||||||||| ||spa||
082
_a
280.4/B17
100
_a
Balmes, Jaime
245
0
_a
Obras completas:
264
_b
Católica
942
_c
LIB
999
_c
19138
_d
19138